Malé, stredné a veľké podniky - definícia

Definícia mikropodnikov, malých a stredných podnikov podľa odporúčania Európskej komisie. Počet zamestnancov a finančné limity vymedzujúce kategórie podnikov. Klasifikácia podnikov v jednotlivých odvetviach podľa počtu zamestnancov a obratu.

Gespeichert in:
Bibliographische Detailangaben
1. Verfasser: Vidová, Jarmila, 1967-
Format: Buchkapitel
Sprache:Slowakisch
Schlagworte:
Tags: Tag hinzufügen
Keine Tags, Fügen Sie das erste Tag hinzu!

MARC

LEADER 00000naa$a2200000$$$4500
001 0049835
005 20240502071556.6
041 0 |a slo 
044 |a SK 
245 1 0 |a Malé, stredné a veľké podniky - definícia  |c Jarmila Vidová 
520 |a Definícia mikropodnikov, malých a stredných podnikov podľa odporúčania Európskej komisie. Počet zamestnancov a finančné limity vymedzujúce kategórie podnikov. Klasifikácia podnikov v jednotlivých odvetviach podľa počtu zamestnancov a obratu. 
610 2 0 |a rozsah podnikov 
610 2 0 |a veľkosť podnikov 
610 2 0 |a podnik malý 
610 2 0 |a podnik stredný 
610 2 0 |a podnik veľký 
610 2 0 |a zamestnanci 
610 2 0 |a obrat hrubý 
610 2 0 |a odvetvia činnosti ekonomickej 
100 1 |a Vidová, Jarmila, 1967-